000 00428nam a22001697a 4500
003 NUST - PNEC
005 20170116180958.0
008 150912b xxu||||| |||| 00| 0 eng d
020 _a-
040 _cLIBRARY
082 _a621.38152 GRE
100 _99385
_aGreiner, R. A.
245 _aSemi conductor devices and applications
_cR. A. Greiner
260 _cc.1961
650 _99388
_aSemi conductors
_xEE
942 _2ddc
_cBK
999 _c66618
_d66618